| 000 | 00872akm a2200325a 44500 | ||
|---|---|---|---|
| 008 | 960919s1995 cat | ||
| 041 | _acat | ||
| 041 | _bspa | ||
| 245 | _aDiccionari visual de les obres marítimes: Català castellà | ||
| 245 | _h[tríptic] | ||
| 260 | _a[Barcelona] | ||
| 260 | _bGeneralitat de Catalunya. Direcció General de Ports i Costes. Comissió de Ports de Catalunya | ||
| 260 | _c1995 | ||
| 300 | _bil. | ||
| 520 | _a178 | ||
| 591 | _a4874 | ||
| 592 | _aObra terminològica | ||
| 593 | _aHEM | ||
| 593 | _aLC | ||
| 594 | _a4874 | ||
| 650 |
_aaparells de senyals marítims _967003 |
||
| 650 |
_afars _967002 |
||
| 650 |
_aobres marítimes _963765 |
||
| 650 |
_aports _963764 |
||
| 901 | _c[<1995>] | ||
| 902 | _a960919 | ||
| 942 |
_cMO _n0 |
||
| 999 |
_c55843 _d55843 |
||